00577ntaaa2200181 45000030003000000050017000030080021000200400037000410820017000781000018000952450121001132500010002342600047002443000010002915000065003016500019003666500010003850120251027203132.00714s1973 ag 01  aAR-BaBNbspacAR-BaBNeaacrdRIC a786.3300 C99 aCzerny, Carl  aEscuela de la velocidad sobre el piano. 40 ejercicios adaptados para desarrollar la velocidad de los dedos. Op. 299. a1 ed. aBuenos Aires : bRicordi Americana, cn.f. a85 p. aTexto escrito en español, italiano, francés, e inglés. aMúsica-Piano aPiano